000 00639nam a2200181Ia 4500
008 220216s9999 xx 000 0 und d
100 _aChandran K.P
245 0 _aCrop insurance in plantation crops- Where do we stand ?
260 _bPLACROSYM XXIII. Climate Resilient Technologies for Sustainability of Plantation Crops, 6-8 March 2019, Central Coffee Research Institute, Chikkamangaluru, Karnataka, India, Abstracts, p. 154-155.
650 _aCrop insurance
650 _aPlantation crops
700 _aJayasekhar S
700 _aJose C.T
700 _aMuralidharan K
700 _aShil Sandip
856 _uAbst
942 _cJS
999 _c56541
_d56541